000
003410000a22001450004500
005
20120302064728.0
942
_c
BOOK
100
_a
Pingle,Ramchandra Vinayak
245
_a
Shri gayatri mantra va tyache mahattva
260
_a
Pune:Anmol prakashan,1995.
300
_a
24p.
040
_a
Mar
365
_b
4/-
650
_a
Gayatri Mantra
999
_c
362911
_d
362908